سر گزشت دھلی مرتبہ درخشا ں تا جور (Record no. 1990)
[ view plain ]
| 000 -LEADER | |
|---|---|
| fixed length control field | 00964 a2200229 4500 |
| 005 - DATE AND TIME OF LATEST TRANSACTION | |
| control field | 20081103113219.0 |
| 008 - FIXED-LENGTH DATA ELEMENTS--GENERAL INFORMATION | |
| fixed length control field | 081103t xxu||||| |||| 00| 0 تدر d |
| 010 ## - LCCN (DPL NO) | |
| LC control number | UR-7292 |
| 020 ## - INTERNATIONAL STANDARD BOOK NUMBER | |
| International Standard Book Number | 8187113982 |
| Terms of availability | 350.00 |
| 035 ## - SYSTEM CONTROL NUMBER | |
| System control number | U-5847 |
| 037 ## - SOURCE OF ACQUISITION | |
| Source of stock number/acquisition | D.B.Act/pub |
| 082 ## - DEWEY DECIMAL CLASSIFICATION NUMBER | |
| Classification number | 954.083 |
| 245 ## - TITLE STATEMENT | |
| Title | سر گزشت دھلی مرتبہ درخشا ں تا جور |
| Statement of responsibility, etc | مر تبہ در خشاں تا جور |
| 246 ## - VARYING FORM OF TITLE | |
| Title proper/short title | Sarguzasht-e-Delhi |
| Remainder of title | edited by Darakshan Tajwar |
| 260 ## - PUBLICATION, DISTRIBUTION, ETC. (IMPRINT) | |
| Place of publication, distribution, etc | رام پور |
| Name of publisher, distributor, etc | رضا لا يبر يری |
| Date of publication, distribution, etc | 2007 |
| 270 ## - ADDRESS | |
| Address | رام پور رضا لا يبريری |
| City | رامپور |
| Postal code | 244901 |
| 300 ## - PHYSICAL DESCRIPTION | |
| Extent | 399 ص |
| Other physical details | پکچر |
| Dimensions | 22cm/ سہ جلد |
| 650 ## - SUBJECT ADDED ENTRY--TOPICAL TERM | |
| Topical term or geographic name as entry element | تا ر يخ |
| 700 ## - ADDED ENTRY--PERSONAL NAME | |
| Personal name | صد يقی وقار الحسن |
| 942 ## - ADDED ENTRY ELEMENTS (KOHA) | |
| Institution code [OBSOLETE] | dpl |
| Item type | Urdu Bks |
| Source of classification or shelving scheme | Dewey Decimal Classification |
| Classification part | 954.083 |
| Call number suffix | سر گ |
| Withdrawn status | Lost status | Source of classification or shelving scheme | Damaged status | Not for loan | Collection code | Home library | Current library | Date acquired | Cost, normal purchase price | Total Checkouts | Full call number | Barcode | Date last seen | Cost, replacement price | Koha item type |
|---|---|---|---|---|---|---|---|---|---|---|---|---|---|---|---|
| Dewey Decimal Classification | Not For Loan | Non-fiction | D.B.Act.Division | D.B.Act.Division | 03/11/2008 | 350.00 | 954.083 سر گ | U-5847 | 15/09/2008 | 350.00 | Urdu Bks |
